| 000 | 00994nam a2200277 b 4500 | ||
|---|---|---|---|
| 999 |
_c7359 _d7359 |
||
| 003 | OSt | ||
| 005 | 20210916114331.0 | ||
| 008 | 000803s2021 sp 000 0 spa d | ||
| 020 | _a9788416372935 | ||
| 040 |
_aCDMR _dCDMR _bcat _cCDMR |
||
| 080 | _a860-92 | ||
| 100 | 1 | _aSagarra, Joan de | |
| 245 | 1 | 4 |
_aLas rumbas de Joan de Sagarra / _cJoan de Sagarra ; Con nueva introducción del autor y homenajes de José Martí Gómez, Enrique Vila-Matas, Miquel Molina y Begoña Gómez Urzaiz; [prólogo de Josep Maria Carandell] |
| 250 | _aEdición 50º aniversario | ||
| 260 |
_aBarcelona : _bLibros de Vanguardia _c2021 |
||
| 300 |
_a320 pàgines _c18 cm |
||
| 500 | _aSumari | ||
| 600 | 1 | 0 |
_92961 _aSagarra, Joan de |
| 650 | 0 |
_93172 _aPeriodisme _zCatalunya _ySegle XX |
|
| 700 |
_aCarandell, Jose Maria _94648 |
||
| 700 |
_aGómez Urzaiz, Begoña _94652 |
||
| 700 |
_aMolina, Miquel _94651 |
||
| 700 | 1 |
_aMartí Gómez, José _9673 |
|
| 700 |
_aVila-Matas, Enrique _94650 |
||
| 942 |
_2udc _cMON |
||